Cartilla vinícola para la elaboración de los vinos / por Antonio Soler
Descripción Física:
30 p. ; 15 cm
Materias:
Vinicultura
MARC
| LEADER | 00000nam a2200000Ia 4500 | ||
|---|---|---|---|
| 001 | 22864 | ||
| 008 | 160829s1889 xx 000 0 cat d | ||
| 080 | |a 1945 | ||
| 100 | |a Soler, Antonio |9 48410 | ||
| 245 | |a Cartilla vinícola para la elaboración de los vinos / por Antonio Soler | ||
| 250 | |a 2a ed., corr. i aug. | ||
| 260 | |a Barcelona : |b Imprenta de J. Balmas Planas, |c 1889 | ||
| 300 | |a 30 p. ; |c 15 cm | ||
| 590 | |a A la portada: Premiada con mención onorífica en la Exposición Universal de Barcelona (1888) | ||
| 650 | 0 | |a Vinicultura |9 30930 | |
| 901 | |a Arxiu | ||
| 942 | |n 1 | ||
| 952 | |0 0 |1 0 |4 0 |6 1945 |7 1 |9 54526 |a Arxiu |b Arxiu |d 2016-12-01 |l 0 |o 1945 |p 22864 |r 2016-12-01 00:00:00 |w 2016-12-01 |y ARXIU | ||
| 999 | |c 58395 |d 58395 | ||